000 01087nam a2200337 a 4500
001 vtls000057724
003 NLI
005 20210601191328.0
008 101125s1939 enk d 000 0 eng
039 9 _y201011250548
_zVLOAD
040 _aNLI
_beng
_cVTLS
_eAACR2
041 0 _aeng
044 _aenk
082 0 4 _a423
245 0 4 _aThe Pocket oxford dictionary of current english /
_cCompiled by F. G. Fowler & H. W. Fowler; revised by H. G. Le Mesurier
250 _a3rd rev. and enl. ed.
260 _aLondon :
_bClarendon Press,
_c1939
300 _axvi, 1034 p. ;
_c17 cm.
650 0 _aEnglish language
_vDictionaries
_94016
650 0 _aEnglish language
_xGlossaires, vocabularies
_9137105
650 0 _aEnglish language
_xComposition and exercises
_93409
700 1 _aFowler, H. W.,
_4com
_9147707
700 1 _aFowler, F. G.,
_4com
_9147708
700 1 _aLe Mesurier, H. G
_9147709
887 _a
901 _aG23070
_b02.11.1972
902 _aE423 P751
906 _a0001684
949 _AVIRTUAITEM
_D10000
_X100
_6GXX000023070ENG
942 _2ddc
_cBKS
999 _aVIRTUA00
_c62333
_d62333